000 00761cam a22002291 4500
001 ca 18001293
003 DLC
005 20260227111107.0
008 871130s1906 hu 000 0 hun
010 _aca 18001293
035 _a(OCoLC)17151516
040 _aDLC
_cWaU
_dWaU
_dDLC
042 _apremarc
043 _ae-hu---
050 0 0 _aDB929.A3
_bK5
100 1 _aDomanovszky, Sándor,
_d1877-1950.
245 1 0 _aKézai Simon mester krónikája.--
_bForrástanulmány.--
_cIrta dr Domanovszky Sándor. A Flór Gyula emlékére tett alapítványból kiadja a Magyar tudományos akadémia.
260 _aBudapest,
_bMagyar tudományos akadémia,
_c1906.
300 _a180 p.
_c24 cm.
600 1 0 _aKéza, Simon de.
651 0 _aHungary
_xHistory
_vSources.
999 _c15423
_d15423